| 000 | 00875nam a2200301Ia 4500 | ||
|---|---|---|---|
| 001 | A6681 | ||
| 003 | IT-RoPAU | ||
| 008 | 130308s9999 xx 000 0 und d | ||
| 040 | _aIT-RoPAU | ||
| 040 | _cIT-RoPAU | ||
| 041 | _aINGLESE | ||
| 100 | _aIto Youichi | ||
| 100 | _gCodice Aut. SPICS: 36104 | ||
| 245 | 2 | _aA Non-Western View of the Paradigm Dialogues | |
| 245 | _bRethinking Communication-Volume 1: Paradigm Issues | ||
| 250 | _a1a ed. | ||
| 260 | _aNEWBURY PARK | ||
| 260 | _bSage Publications | ||
| 260 | _c1989 [1° Ed.:1989 - Ed.Ling.Originale:1989] | ||
| 300 | _a"5 p. (prefazione: no ; testo: 5 [pagine: 173-177])" | ||
| 500 | _aVeduta Non Occidentale dei Dialoghi Paradigmatici. | ||
| 650 | _aENCICLOPEDIE DELLA COMUNICAZIONE SOCIALE | ||
| 650 | _eCodice materia Spics: 3801 | ||
| 942 | _cBK | ||
| 957 | _71 | ||
| 999 |
_c43236 _d43236 |
||
| 999 | _bSI | ||
| 999 | _g1 | ||